Massifs Montagneux - Carte Quiz - Statistiques

Statistiques générales
  • Ce quiz a été pris 158 fois
  • Le résultat moyen est 12 sur 31
Réponses sur la Carte
Les réponses sont colorées sur une échelle allant du rouge au vert en fonction du pourcentage des utilisateurs qui les ont devinées à leur premier essai. Vous pouvez retrouver ces pourcentages ci-dessous.
 
Statistiques - réponses
Réponse % Correct
Alpes
90%
Pyrénées
87%
Andes
84%
Hymalaya
77%
Montagnes Rocheuses
65%
Monts Oural
65%
Monts Scandinaves
65%
Caucase
64%
Monts de l'Atlas
63%
Appalaches
54%
Carpates
49%
Hautes Terres brésiliennes
49%
Apennins
46%
Sierra Madre
39%
Monts Altaï
29%
Chaîne des Cascades
27%
Chaîne Brooks
23%
Drakensberg
23%
Alpes du Sud
22%
Monts Taurus
22%
Monts Zagros
20%
Monts Rwenzori
19%
Kunlun
17%
Monts Mantiqueira
17%
Ghâts
10%
Chaîne Annamitique
8%
Plateau des Ozarks
8%
Vindhya
8%
Grande Chaîne Divisante
6%
Monts Barisan
5%
Aravalli
1%
Aucun quiz correspondant
Distribution des résultats
% des personnes avec chaque résultat
Percentile par nombre de réponses
Votre historique - résultats
Vous n’avez pas pris ce quiz